000 00277nam a2200109Ia 4500
008 200302s9999 xx 000 0 und d
100 _aProf. P. J. Shah
245 _aA Textbook Of Engineering Drawing
260 _bS. Chand& Company Pvt. Ltd.
260 _c2012
300 _a709 P
999 _c4216
_d4216